Mineral resource potential map of the Cactus Spring roadless area, Riverside County, California /

Bibliographic Details
Other Authors: Matti, Jonathan C.
Format: Government Document Map
Language:English
Published: Reston, Va. : U.S. Geologicl Survey, 1983.
Series:Miscellaneous field studies (Geological Survey (U.S.)) ; map MF-1650-A.
Subjects:

MARC

Tag First Indicator Second Indicator Subfields
LEADER 00000cem a2200000Ia 4500
001 in00002537726
005 20151201090412.0
007 aj aanzn
008 840503s1983 vauag a f 0 eng d
034 1 |a a  |b 24000  |d W1161800  |e W1162730  |f N0333500  |g N0333000 
035 |a (OCoLC)ocm10687836 
035 |a (OCoLC)10687836 
040 |a GIS  |c GIS  |d OCL  |d CSB  |d UPM  |d TXA  |d UtOrBLW 
043 |a n-us-ca 
049 |a TXAM 
050 4 |a G4362.S372H1 1982  |b .M56 
052 |a 4362  |b S372 
052 |a 4363  |b R5 
086 0 |a I 19.113:MF-1650-A 
245 0 0 |a Mineral resource potential map of the Cactus Spring roadless area, Riverside County, California /  |c by Jonathan C. Matti [and others]. 
255 |a Scale 1:24,000  |c (W 116⁰18ʹ00ʺ--W 116⁰27ʹ30ʺ/N 33⁰35ʹ00ʺ--N 33⁰30ʹ00ʺ) 
264 1 |a Reston, Va. :  |b U.S. Geologicl Survey,  |c 1983. 
300 |a 1 map ;  |c 55 x 72 cm., on sheet 74 x 116 cm., folded in envelope 25 x 32 cm. +  |e 1 pamphlet (10 pages : illustrations, maps ; 28 cm.) 
336 |a cartographic image  |b cri  |2 rdacontent 
337 |a unmediated  |b n  |2 rdamedia 
338 |a sheet  |b nb  |2 rdacarrier 
490 1 |a Miscellaneous field studies / Department of the Interior, United States Geological Survey ;  |v map MF-1650-A 
500 |a Includes text, tables, and index map. 
500 |a Title on pamphlet: Mineral resource potential of the Cactus Spring roadless area, Riverside County, California. 
504 |a Both map and pamphlet includes bibliography. 
500 |a Cartographic material. 
650 0 |a Mines and mineral resources  |z California  |z Riverside County  |v Maps. 
700 1 |a Matti, Jonathan C. 
740 0 |a Cactus Spring roadless area, Riverside County, California. 
740 0 |a Mineral resource potential of the Cactus Spring roadless area, Riverside County, California. 
830 0 |a Miscellaneous field studies (Geological Survey (U.S.)) ;  |v map MF-1650-A. 
994 |a C0  |b TXA 
948 |a cataloged  |b h  |c 2010/02/12  |e mansari  |f 01:55:30 pm 
999 |a MARS 
999 f f |s e8e1cab4-b40f-350b-9fb4-6b5c8f394735  |i b6e99ded-cc53-3bd5-be5f-318417ac7112  |t 0 
952 f f |p normal  |a Texas A&M University  |b College Station  |c Sterling C. Evans Library  |d Evans: Maps File (2nd floor)  |t 0  |e I 19.113:MF-1650-A  |h Superintendent of Documents classification  |i unmediated -- sheet  |m A14824865592 
998 f f |a I 19.113:MF-1650-A  |t 0  |l Evans: Maps File (2nd floor)